El Pallars Sobirà : estructura sòcio-econòmica i territorial / Xavier Matei i Llevadot, amb la col·laboració de Jordi Bernadó i Murgó ... [et al] estructura sòcio-econòmica i territorial / Xavier Matei i Llevadot, amb la col·laboració de Jordi Bernadó i Murgó ... [et al]
Descripción Física:
XI, 455 p. : amb map. ; 24 cm
Colección:
Catalunya comarcal
Otros Autores:
Bernardó i Murgó, Jordi
Materias:
Pallars Sobirà -- Condicions econòmiques
MARC
| LEADER | 00000nam a2200000Ia 4500 | ||
|---|---|---|---|
| 001 | 1416 | ||
| 008 | 160829s1983 xx 000 0 cat d | ||
| 080 | |a M-2-4 | ||
| 100 | |a Matei i Llevadot, Xavier |9 25080 | ||
| 245 | |a El Pallars Sobirà : |b estructura sòcio-econòmica i territorial / Xavier Matei i Llevadot, amb la col·laboració de Jordi Bernadó i Murgó ... [et al] | ||
| 260 | |a Barcelona : |b Caixa d'Estalvis de Catalunya, |c 1983 | ||
| 300 | |a XI, 455 p. : |b amb map. ; |c 24 cm | ||
| 490 | |a Catalunya comarcal | ||
| 650 | |a Pallars Sobirà |x Condicions econòmiques |9 25081 | ||
| 700 | |a Bernardó i Murgó, Jordi |9 25082 | ||
| 901 | |a Arxiu | ||
| 942 | |n 1 | ||
| 952 | |0 0 |1 0 |4 0 |6 M24 |7 1 |9 43437 |a Arxiu |b Arxiu |d 2016-12-01 |l 0 |o M-2-4 |p 1416 |r 2016-12-01 00:00:00 |w 2016-12-01 |y ARXIU | ||
| 999 | |c 45983 |d 45983 | ||